000 00475nam a2200157 i 4500
001 69548
003 ES-MaACL
005 20230906170539.0
007 t|
008 040707s1973 sp ||||1| spa d
100 1 _aGarcía Dorronsoro, Angel María.
_954554
245 1 0 _aCharlas en la televisión
_b: todo hombre es mi hermano /
_cAngel Mª García Dorronsoro.
260 _aMadrid :
_bRialp,
_c[1973]
300 _a186 p. ;
_c19 cm.
852 _aES-MaACL
_jC-55798
_bR.88558
999 _c69548
_d69548